| 000 | 00680nam a22002057a 4500 | ||
|---|---|---|---|
| 005 | 20251108171949.0 | ||
| 008 | 250721s2002 xx 000 0 ara d | ||
| 082 | 1 | 4 | _a190/نجا |
| 100 | 1 | _aالنجار، تيسير | |
| 245 | 1 | 0 |
_aالخروج من تفاحة نيوتن : _bأوراق مجهولة / |
| 246 | 1 | 3 | _aمقالات فلسفية للأديب الراحل مصطفى الفواخيري |
| 264 | 1 |
_aعمان : _bدار اليراع للنشر، _c2002. |
|
| 300 | _a262ص | ||
| 650 | 1 | 7 | _aالفلسفة |
| 650 | 1 | 7 | _aالمقالات |
| 650 | 1 | 7 | _aالنقد الفلسفي |
| 650 | 1 | 7 | _aالفلسفة الحديثة |
| 942 |
_2ddc _cBK |
||
| 999 |
_c67047 _d67047 |
||